Novoje v elektrofizičeskoj obrabotke materialov.

Uloženo v:
Podrobná bibliografie
Médium: Kniha
Jazyk:ruština
Vydáno: Leningrad : Mašinostrojenije, 1972
Vydání:[1. izd.]
Témata:
On-line přístup: Získat plný text
Tagy: Přidat tag
Žádné tagy, Buďte první, kdo vytvoří štítek k tomuto záznamu!

MARC

LEADER 00000cam a2200000 4500
003 SK-BrCVT
005 20220617222428.0
008 100212s1972 rur e ||||||rus d
035 |a CVTIDW1519816 
040 |b slo  |a CVTI SR  |e AACR2 
041 0 |a rus 
044 |a rur 
245 1 0 |a Novoje v elektrofizičeskoj obrabotke materialov. 
250 |a [1. izd.] 
260 |a Leningrad :  |b Mašinostrojenije,  |c 1972 
300 |a 360 s. 
653 1 |a elektrofyzikálne obrábanie 
653 1 |a obrábanie materiálov 
910 |b A299589 
974 |f Knihy 
992 |a AIM 
999 |c 151267  |d 151267